[Event "16PCR_ZK08"]
[Site "?"]
[Date "2005.??.??"]
[Round "?"]
[White "Binas, Jindrich"]
[Black "Brichacek, Milan"]
[Result "0-1"]
[WhiteElo "2114"]
[BlackElo "2134"]
[PlyCount "40"]
[EventDate "2005.??.??"]
[SourceDate "2005.02.23"]

1. e4 e5 2. Nf3 Nf6 3. Nxe5 d6 4. Nf3 Nxe4 5. d4 d5 6. Bd3 Bd6 7. O-O O-O 8. c4
c6 9. cxd5 cxd5 10. Nc3 Nxc3 11. bxc3 Bg4 12. Rb1 b6 13. Rb5 Bc7 14. h3 a6 15.
Rxd5 Qxd5 16. hxg4 Re8 17. Ng5 g6 18. Bc2 Qd6 19. g3 Qf6 20. Ba3 Qxg5 0-1

[Event "16PCR_ZK08"]
[Site "?"]
[Date "2005.??.??"]
[Round "?"]
[White "Binas, Jindrich"]
[Black "Majstr, Tomas"]
[Result "1/2-1/2"]
[WhiteElo "2114"]
[BlackElo "1800"]
[PlyCount "31"]
[EventDate "2005.??.??"]
[SourceDate "2005.02.23"]

1. e4 e5 2. Nf3 Nc6 3. Bc4 Bc5 4. b4 Bxb4 5. c3 Bc5 6. d4 exd4 7. O-O d6 8.
cxd4 Bb6 9. Nc3 Bg4 10. Bb5 a6 11. Ba4 Kf8 12. Rb1 Nge7 13. Be3 Bxf3 14. gxf3
Qc8 15. Kh1 Ba5 16. Ne2 1/2-1/2

[Event "16PCR_ZK08"]
[Site "?"]
[Date "2005.??.??"]
[Round "?"]
[White "Binas, Jindrich"]
[Black "Masek, Frantisek"]
[Result "1/2-1/2"]
[WhiteElo "2114"]
[BlackElo "1780"]
[PlyCount "39"]
[EventDate "2005.??.??"]
[SourceDate "2005.02.23"]

1. e4 c5 2. Nf3 Nc6 3. d4 cxd4 4. Nxd4 Nf6 5. Nc3 e6 6. Ndb5 Bb4 7. a3 Bxc3+ 8.
Nxc3 d5 9. exd5 Nxd5 10. Nxd5 exd5 11. Bd3 Qe7+ 12. Qe2 Qxe2+ 13. Kxe2 O-O 14.
Rd1 Re8+ 15. Kf1 Bg4 16. f3 Be6 17. Bf4 Na5 18. Re1 Nc4 19. b3 Nb6 20. Rad1
1/2-1/2

[Event "16PCR_ZK08"]
[Site "?"]
[Date "2005.??.??"]
[Round "?"]
[White "Binas, Jindrich"]
[Black "Novak, Vaclav"]
[Result "1/2-1/2"]
[WhiteElo "2114"]
[BlackElo "1976"]
[PlyCount "37"]
[EventDate "2005.??.??"]
[SourceDate "2005.02.23"]

1. e4 g6 2. c4 Bg7 3. d4 d6 4. Nc3 Nf6 5. Bg5 O-O 6. Qd2 c6 7. Be2 Qc7 8. Nf3
e5 9. O-O Nbd7 10. dxe5 Nxe5 11. Rfd1 Ne8 12. Nxe5 Bxe5 13. Bh6 Bg7 14. Bxg7
Kxg7 15. Qd4+ f6 16. c5 dxc5 17. Qxc5 Be6 18. Rd2 b6 19. Qe3 1/2-1/2

[Event "16PCR_ZK08"]
[Site "?"]
[Date "2005.??.??"]
[Round "?"]
[White "Binas, Jindrich"]
[Black "Sindelar, Frantisek"]
[Result "1-0"]
[WhiteElo "2114"]
[BlackElo "1925"]
[PlyCount "53"]
[EventDate "2005.??.??"]
[SourceDate "2005.02.23"]

1. e4 e6 2. d4 d5 3. Nc3 dxe4 4. f3 Bb4 5. a3 Bxc3+ 6. bxc3 Bd7 7. Nh3 Bc6 8.
fxe4 Bxe4 9. Ng5 Bc6 10. Qh5 Qe7 11. Qh3 Nf6 12. Bd3 Nbd7 13. O-O h6 14. Nf3
Qd6 15. a4 Be4 16. Ne5 Bxd3 17. cxd3 Nxe5 18. Bf4 Nfd7 19. dxe5 Qd5 20. d4 Nf8
21. Bc1 c5 22. Qg3 cxd4 23. Qf2 Qd7 24. cxd4 Nh7 25. Ba3 Ng5 26. Rac1 Rd8 27.
Rc4 1-0

[Event "16PCR_ZK08"]
[Site "?"]
[Date "2005.??.??"]
[Round "?"]
[White "Binas, Jindrich"]
[Black "Struzka, Vlastimil"]
[Result "1/2-1/2"]
[WhiteElo "2114"]
[BlackElo "2216"]
[PlyCount "55"]
[EventDate "2005.??.??"]
[SourceDate "2005.02.23"]

1. e4 c5 2. Nf3 Nc6 3. d4 cxd4 4. Nxd4 Nf6 5. Nc3 e5 6. Ndb5 Bb4 7. a3 Bxc3+ 8.
Nxc3 d6 9. Bg5 h6 10. Bh4 O-O 11. Qd3 Be6 12. O-O-O Nd4 13. Kb1 Rc8 14. f4 Bg4
15. Rd2 Be6 16. f5 g5 17. fxe6 gxh4 18. exf7+ Kxf7 19. g3 Qb6 20. Nd5 Nxd5 21.
exd5 Rc7 22. gxh4 Ke8 23. Bh3 Rg7 24. Rg2 Rf3 25. Rxg7 Rxd3 26. cxd3 Qb3 27.
Rf1 Qxd3+ 28. Ka1 1/2-1/2

[Event "16PCR_ZK08"]
[Site "?"]
[Date "2005.??.??"]
[Round "?"]
[White "Brichacek, Milan"]
[Black "Binas, Jindrich"]
[Result "1-0"]
[WhiteElo "2134"]
[BlackElo "2114"]
[PlyCount "31"]
[EventDate "2005.??.??"]
[SourceDate "2005.02.23"]

1. e4 c5 2. Nf3 Nc6 3. Bc4 e6 4. d4 cxd4 5. Nxd4 Nf6 6. Nc3 d6 7. Be3 Be7 8.
O-O O-O 9. a3 a6 10. Be2 Qc7 11. f4 Rd8 12. Qe1 Nxd4 13. Bxd4 e5 14. Be3 exf4
15. Rxf4 Be6 16. Qf2 1-0

[Event "16PCR_ZK08"]
[Site "?"]
[Date "2005.??.??"]
[Round "?"]
[White "Brichacek, Milan"]
[Black "Majstr, Tomas"]
[Result "1-0"]
[WhiteElo "2134"]
[BlackElo "1800"]
[PlyCount "59"]
[EventDate "2005.??.??"]
[SourceDate "2005.02.23"]

1. e4 e5 2. Nf3 Nc6 3. Nc3 Nf6 4. Bb5 Nd4 5. Ba4 c6 6. Nxe5 b5 7. Bb3 d5 8.
exd5 cxd5 9. O-O Be6 10. Nf3 Nxb3 11. axb3 a6 12. d4 Bd6 13. Bg5 O-O 14. Ne5 h6
15. Bh4 b4 16. Na4 Rc8 17. f4 g5 18. Bg3 Ne4 19. f5 Bxe5 20. Bxe5 Bd7 21. Qh5
Kh7 22. Nc5 Nxc5 23. dxc5 Rxc5 24. Rxa6 Rc6 25. Rxc6 Bxc6 26. h4 Qe7 27. hxg5
Qxg5 28. Qxg5 hxg5 29. Bf6 Rd8 30. Kf2 1-0

[Event "16PCR_ZK08"]
[Site "?"]
[Date "2005.??.??"]
[Round "?"]
[White "Brichacek, Milan"]
[Black "Sindelar, Frantisek"]
[Result "1/2-1/2"]
[WhiteElo "2134"]
[BlackElo "1925"]
[PlyCount "94"]
[EventDate "2005.??.??"]
[SourceDate "2005.02.23"]

1. e4 e6 2. d4 d5 3. Nd2 c5 4. Ngf3 cxd4 5. exd5 Qxd5 6. Bc4 Qc5 7. O-O Bd7 8.
Qe2 Nf6 9. Nb3 Qh5 10. Nfxd4 Qxe2 11. Bxe2 Nc6 12. Nxc6 Bxc6 13. Nd4 Bd7 14.
Bf4 Nd5 15. Bg3 Bc5 16. Rfd1 Rc8 17. Rac1 Ne7 18. Nb3 Bb6 19. Bd6 Bc6 20. c4
Bc7 21. Ba3 Nf5 22. Bg4 Ne7 23. Nd4 Be5 24. b3 Bxd4 25. Rxd4 Ng6 26. f4 Rd8 27.
Rxd8+ Kxd8 28. Rd1+ Kc8 29. Bc1 Rd8 30. Be3 a6 31. Rxd8+ Kxd8 32. Kf2 b5 33.
cxb5 axb5 34. Bd1 Kc7 35. Bc2 Kd6 36. a4 bxa4 37. bxa4 e5 38. fxe5+ Nxe5 39.
Bf4 f6 40. Bxe5+ fxe5 41. a5 h6 42. Ke3 Kc5 43. Bd3 g5 44. Be4 Bd7 45. Bf5 Bc6
46. Bd3 Be8 47. Ba6 Bd7 1/2-1/2

[Event "16PCR_ZK08"]
[Site "?"]
[Date "2005.??.??"]
[Round "?"]
[White "Brichacek, Milan"]
[Black "Struzka, Vlastimil"]
[Result "1/2-1/2"]
[WhiteElo "2134"]
[BlackElo "2216"]
[PlyCount "77"]
[EventDate "2005.??.??"]
[SourceDate "2005.02.23"]

1. e4 c5 2. Nf3 Nc6 3. Bc4 Nf6 4. e5 d5 5. Bb5 Nd7 6. e6 fxe6 7. Nc3 g6 8. Qe2
Bg7 9. Qxe6 Nde5 10. Qxd5 Qxd5 11. Nxd5 Nxf3+ 12. gxf3 Rb8 13. c3 e6 14. Bxc6+
bxc6 15. Ne3 Ba6 16. b3 O-O 17. h4 Rxf3 18. Ba3 Rb5 19. h5 Ra5 20. Bb2 Rf4 21.
hxg6 hxg6 22. Rh3 Bd3 23. Ng2 Re4+ 24. Re3 c4 25. Rxe4 Bxe4 26. Ne3 cxb3 27.
axb3 Rxa1+ 28. Bxa1 Bd3 29. Bb2 Kf7 30. Ng4 a5 31. Kd1 c5 32. Ba3 c4 33. bxc4
Bxc4 34. Bd6 Bd3 35. Kc1 Ke8 36. Kb2 Be2 37. Ne5 Bxe5 38. Bxe5 Kd7 39. Kc2
1/2-1/2

[Event "16PCR_ZK08"]
[Site "?"]
[Date "2005.??.??"]
[Round "?"]
[White "Majstr, Tomas"]
[Black "Binas, Jindrich"]
[Result "0-1"]
[WhiteElo "1800"]
[BlackElo "2114"]
[PlyCount "46"]
[EventDate "2005.??.??"]
[SourceDate "2005.02.23"]

1. d4 d5 2. c4 e6 3. Nc3 Nf6 4. Nf3 Nbd7 5. Bg5 Bb4 6. Qb3 c5 7. cxd5 exd5 8.
O-O-O h6 9. Bh4 Qa5 10. Nxd5 Nxd5 11. Qxd5 O-O 12. e4 Nb6 13. Qb3 c4 14. Qc2
Qxa2 15. Ne5 Qa1+ 16. Qb1 Qa5 17. f4 Be6 18. d5 Rac8 19. Nc6 Rxc6 20. dxc6 Bg4
21. f5 Bc5 22. Be1 Be3+ 23. Bd2 Rd8 0-1

[Event "16PCR_ZK08"]
[Site "?"]
[Date "2005.??.??"]
[Round "?"]
[White "Majstr, Tomas"]
[Black "Brichacek, Milan"]
[Result "0-1"]
[WhiteElo "1800"]
[BlackElo "2134"]
[PlyCount "62"]
[EventDate "2005.??.??"]
[SourceDate "2005.02.23"]

1. c4 e5 2. Nc3 Nc6 3. Nf3 Nf6 4. e4 Bc5 5. a3 Ng4 6. d4 exd4 7. Na4 d6 8. b4
Bb6 9. Nxb6 axb6 10. Be2 d3 11. Qxd3 Nxb4 12. Qd2 Nc6 13. O-O O-O 14. Bb2 Re8
15. Qf4 Nce5 16. Qg3 Nxf3+ 17. Bxf3 Ne5 18. Be2 Qf6 19. f3 Qg6 20. Qxg6 Nxg6
21. Kf2 f5 22. exf5 Bxf5 23. Rfd1 Nf4 24. Bf1 Ne6 25. Rd2 Nc5 26. Rad1 Kf7 27.
Kg1 Re3 28. Rd5 g6 29. R5d4 Rb3 30. Bc1 Rb1 31. Bh6 Rxd1 0-1

[Event "16PCR_ZK08"]
[Site "?"]
[Date "2005.??.??"]
[Round "?"]
[White "Majstr, Tomas"]
[Black "Sindelar, Frantisek"]
[Result "1/2-1/2"]
[WhiteElo "1800"]
[BlackElo "1925"]
[PlyCount "77"]
[EventDate "2005.??.??"]
[SourceDate "2005.02.23"]

1. e4 e6 2. d4 d5 3. Nc3 dxe4 4. Nxe4 Nd7 5. Bd3 Ngf6 6. Nf3 c5 7. O-O Nxe4 8.
Bxe4 Nf6 9. Bd5 cxd4 10. Nxd4 Be7 11. Bf3 O-O 12. Re1 Qb6 13. Nb3 Qc7 14. g3
Bd7 15. Bf4 Qb6 16. Qd4 Bc6 17. Qxb6 axb6 18. Nd4 Bxf3 19. Nxf3 Nd5 20. Bd2
Rfd8 21. c4 Nb4 22. Bxb4 Bxb4 23. Red1 Be7 24. Rxd8+ Bxd8 25. Rd1 Bf6 26. Rd7
Rxa2 27. Rxb7 g5 28. Rb8+ Kg7 29. Rxb6 g4 30. Nd2 Bxb2 31. Rd6 Ba3 32. Ra6 Rxd2
33. Rxa3 Rc2 34. Ra4 Kg6 35. Kg2 h5 36. Rb4 e5 37. Rb6+ Kg5 38. Rc6 f5 39. Rc5
1/2-1/2

[Event "16PCR_ZK08"]
[Site "?"]
[Date "2005.??.??"]
[Round "?"]
[White "Masek, Frantisek"]
[Black "Binas, Jindrich"]
[Result "1/2-1/2"]
[WhiteElo "1780"]
[BlackElo "2114"]
[PlyCount "38"]
[EventDate "2005.??.??"]
[SourceDate "2005.02.23"]

1. e4 c5 2. Nf3 d6 3. d4 cxd4 4. Bb5+ Nc6 5. Qxd4 Bd7 6. Bxc6 Bxc6 7. Nc3 Nf6
8. Bg5 e6 9. O-O-O h6 10. Bxf6 gxf6 11. g3 Be7 12. Nd2 b5 13. Rhe1 a5 14. f4
Rc8 15. Qd3 Qb6 16. a4 b4 17. Nb5 Bxb5 18. axb5 a4 19. Re2 O-O 1/2-1/2

[Event "16PCR_ZK08"]
[Site "?"]
[Date "2005.??.??"]
[Round "?"]
[White "Masek, Frantisek"]
[Black "Brichacek, Milan"]
[Result "0-1"]
[WhiteElo "1780"]
[BlackElo "2134"]
[PlyCount "52"]
[EventDate "2005.??.??"]
[SourceDate "2005.02.23"]

1. c4 e5 2. Nc3 Nc6 3. Nf3 Nf6 4. g3 Bb4 5. Bg2 O-O 6. Nd5 e4 7. Nh4 Bc5 8. O-O
d6 9. Nxf6+ Qxf6 10. Bxe4 Bh3 11. Ng2 Rfe8 12. d3 Nd4 13. e3 Rxe4 14. dxe4 Nf3+
15. Kh1 Bg4 16. Qc2 Qh6 17. h4 g5 18. e5 gxh4 19. e4 Qh5 20. Nf4 Qxe5 21. gxh4
Qf6 22. Ng2 Nxh4 23. Nf4 Nf3 24. Ng2 Qg6 25. Nh4 Qh5 26. Bg5 Qxg5 0-1

[Event "16PCR_ZK08"]
[Site "?"]
[Date "2005.??.??"]
[Round "?"]
[White "Masek, Frantisek"]
[Black "Sindelar, Frantisek"]
[Result "0-1"]
[WhiteElo "1780"]
[BlackElo "1925"]
[PlyCount "70"]
[EventDate "2005.??.??"]
[SourceDate "2005.02.23"]

1. f4 Nf6 2. Nf3 d5 3. e3 e6 4. b3 c5 5. Bb2 Be7 6. Bb5+ Bd7 7. a4 O-O 8. O-O
Qc7 9. c4 Nc6 10. cxd5 exd5 11. Ne5 a6 12. Nxc6 Bxc6 13. Bxc6 Qxc6 14. d3 Rfe8
15. Nd2 Bd8 16. Re1 Ba5 17. Rc1 b6 18. Re2 Re7 19. Nf3 Ng4 20. Ne5 Qe6 21. Nxg4
Qxg4 22. Qf1 Qf5 23. d4 Qd3 24. dxc5 bxc5 25. Rxc5 Rxe3 26. Kf2 Rae8 27. Be5
Bd2 28. Qd1 Rxe2+ 29. Qxe2 Qxe2+ 30. Kxe2 Bxf4 31. Rxd5 Bxh2 32. Rd8 Rxd8 33.
Bxh2 Rd4 34. a5 f6 35. Bg1 Rb4 0-1

[Event "16PCR_ZK08"]
[Site "?"]
[Date "2005.??.??"]
[Round "?"]
[White "Masek, Frantisek"]
[Black "Struzka, Vlastimil"]
[Result "0-1"]
[WhiteElo "1780"]
[BlackElo "2216"]
[PlyCount "42"]
[EventDate "2005.??.??"]
[SourceDate "2005.02.23"]

1. e4 e5 2. Nc3 Bc5 3. d3 Nf6 4. Be2 d5 5. exd5 Nxd5 6. Nxd5 Qxd5 7. Bf3 Qd4 8.
Qe2 O-O 9. c3 Qd6 10. Be3 Bb6 11. O-O-O Nc6 12. Bxc6 Qxc6 13. Nf3 f6 14. d4 Bf5
15. Rhe1 Rfe8 16. h3 Bg6 17. h4 Qe4 18. Qc4+ Kh8 19. Qb3 a5 20. a4 Rad8 21.
dxe5 Qb1# 0-1

[Event "16PCR_ZK08"]
[Site "?"]
[Date "2005.??.??"]
[Round "?"]
[White "Novak, Vaclav"]
[Black "Binas, Jindrich"]
[Result "1/2-1/2"]
[WhiteElo "1976"]
[BlackElo "2114"]
[PlyCount "37"]
[EventDate "2005.??.??"]
[SourceDate "2005.02.23"]

1. Nf3 c5 2. c4 Nf6 3. Nc3 Nc6 4. d3 e6 5. e4 Be7 6. Be2 O-O 7. Bf4 d5 8. e5
Nh5 9. Bd2 d4 10. Ne4 h6 11. g4 f5 12. exf6 Nxf6 13. Nxf6+ Bxf6 14. h4 e5 15.
g5 e4 16. dxe4 d3 17. gxf6 dxe2 18. Qxe2 Qxf6 19. Rg1 1/2-1/2

[Event "16PCR_ZK08"]
[Site "?"]
[Date "2005.??.??"]
[Round "?"]
[White "Novak, Vaclav"]
[Black "Brichacek, Milan"]
[Result "0-1"]
[WhiteElo "1976"]
[BlackElo "2134"]
[PlyCount "38"]
[EventDate "2005.??.??"]
[SourceDate "2005.02.23"]

1. c4 e5 2. Nc3 Nc6 3. Nf3 Nf6 4. e4 Bc5 5. Be2 d6 6. d3 O-O 7. Bg5 h6 8. Bh4
Nd4 9. Nxd4 Bxd4 10. Qd2 c6 11. O-O-O Be6 12. Rdf1 Nxe4 13. Nxe4 Qxh4 14. Nxd6
Rfd8 15. Ne4 b5 16. cxb5 Bxa2 17. Nc3 Bd5 18. Nxd5 Rxd5 19. bxc6 Rb8 0-1

[Event "16PCR_ZK08"]
[Site "?"]
[Date "2005.??.??"]
[Round "?"]
[White "Novak, Vaclav"]
[Black "Sindelar, Frantisek"]
[Result "0-1"]
[WhiteElo "1976"]
[BlackElo "1925"]
[PlyCount "40"]
[EventDate "2005.??.??"]
[SourceDate "2005.02.23"]

1. Nf3 Nf6 2. b3 d5 3. Bb2 Bg4 4. Ne5 Bf5 5. h3 e6 6. g4 Be4 7. f3 Nfd7 8. Bg2
Nxe5 9. Bxe5 Qh4+ 10. Kf1 Nc6 11. Bb2 Bg6 12. c4 O-O-O 13. Nc3 dxc4 14. bxc4
Ne5 15. Ne4 Nxc4 16. Qa4 Nxd2+ 17. Kg1 Nxe4 18. fxe4 Qg3 19. Qxa7 Bxe4 20. Qa8+
Kd7 0-1

[Event "16PCR_ZK08"]
[Site "?"]
[Date "2005.??.??"]
[Round "?"]
[White "Novak, Vaclav"]
[Black "Struzka, Vlastimil"]
[Result "0-1"]
[WhiteElo "1976"]
[BlackElo "2216"]
[PlyCount "30"]
[EventDate "2005.??.??"]
[SourceDate "2005.02.23"]

1. d4 d5 2. c4 Nf6 3. Nf3 e6 4. c5 b6 5. b4 a5 6. cxb6 Bxb4+ 7. Bd2 c5 8. Nc3
cxd4 9. Nxd4 O-O 10. e3 e5 11. Nc2 d4 12. Nb5 dxe3 13. Nxe3 Qxb6 14. Bc4 Rd8
15. Nc3 Bxc3 0-1

[Event "16PCR_ZK08"]
[Site "?"]
[Date "2005.??.??"]
[Round "?"]
[White "Sindelar, Frantisek"]
[Black "Binas, Jindrich"]
[Result "1-0"]
[WhiteElo "1925"]
[BlackElo "2114"]
[PlyCount "39"]
[EventDate "2005.??.??"]
[SourceDate "2005.02.23"]

1. e4 c5 2. Nf3 d6 3. d4 cxd4 4. Nxd4 Nf6 5. Nc3 g6 6. Be3 Bg7 7. Be2 O-O 8.
O-O Nc6 9. h3 Bd7 10. f4 Qc8 11. Qd2 Rd8 12. Rad1 Nxd4 13. Bxd4 b6 14. e5 Ne8
15. Nd5 Bf8 16. Nb4 dxe5 17. fxe5 Nc7 18. Qe3 Ne6 19. Qf2 Be8 20. Bf3 1-0

[Event "16PCR_ZK08"]
[Site "?"]
[Date "2005.??.??"]
[Round "?"]
[White "Sindelar, Frantisek"]
[Black "Brichacek, Milan"]
[Result "0-1"]
[WhiteElo "1925"]
[BlackElo "2134"]
[PlyCount "100"]
[EventDate "2005.??.??"]
[SourceDate "2005.02.23"]

1. e4 e6 2. d4 d5 3. e5 c5 4. c3 Qb6 5. Nf3 Nc6 6. Bd3 Bd7 7. dxc5 Bxc5 8. O-O
Qc7 9. Re1 Nge7 10. b4 Bb6 11. Na3 a6 12. Rb1 Rc8 13. b5 Nb8 14. bxa6 bxa6 15.
Qe2 Ng6 16. Qb2 Ba5 17. Bd2 O-O 18. c4 Bxd2 19. Qxd2 Qc5 20. Rb3 Ba4 21. Rb4
Bc6 22. Bxg6 hxg6 23. Rc1 d4 24. Nxd4 Rfd8 25. Nac2 Bxg2 26. Rxb8 Rxb8 27. Kxg2
Qxc4 28. Qf4 Rbc8 29. Re1 Qa4 30. Qe4 Rc4 31. Re3 Rdc8 32. Qb7 Rxc2 33. Nxc2
Qxc2 34. Qxa6 Rd8 35. a3 Qf5 36. Qe2 Rd4 37. Rg3 Qb1 38. Rc3 Rd1 39. Kf3 Re1
40. Qd3 Qb7+ 41. Kf4 g5+ 42. Kxg5 Qg2+ 43. Qg3 Rxe5+ 44. Kg4 Qe4+ 45. f4 Rd5
46. Rc8+ Kh7 47. Rc3 g5 48. Kh3 gxf4 49. Qh4+ Kg7 50. Rg3+ Kf8 0-1

[Event "16PCR_ZK08"]
[Site "?"]
[Date "2005.??.??"]
[Round "?"]
[White "Sindelar, Frantisek"]
[Black "Novak, Vaclav"]
[Result "1-0"]
[WhiteElo "1925"]
[BlackElo "1976"]
[PlyCount "35"]
[EventDate "2005.??.??"]
[SourceDate "2005.02.23"]

1. e4 d6 2. Nc3 f5 3. d4 Nc6 4. d5 Ne5 5. f4 Nf7 6. Bb5+ Bd7 7. exf5 c6 8. Bd3
Nf6 9. dxc6 Bxc6 10. Nf3 Qb6 11. Qe2 h5 12. Nb5 O-O-O 13. a4 Ng4 14. h3 a6 15.
hxg4 hxg4 16. Nh4 axb5 17. axb5 Be8 18. Be3 1-0

[Event "16PCR_ZK08"]
[Site "?"]
[Date "2005.??.??"]
[Round "?"]
[White "Struzka, Vlastimil"]
[Black "Binas, Jindrich"]
[Result "0-1"]
[WhiteElo "2216"]
[BlackElo "2114"]
[PlyCount "112"]
[EventDate "2005.??.??"]
[SourceDate "2005.02.23"]

1. d4 d5 2. c4 e6 3. Nf3 Nf6 4. e3 c5 5. Be2 dxc4 6. Bxc4 a6 7. O-O b5 8. Be2
Bb7 9. a4 b4 10. dxc5 Qxd1 11. Rxd1 Bxc5 12. b3 Nc6 13. Bb2 Na5 14. Nbd2 Ke7
15. Ne5 Rhd8 16. Nd3 Bd6 17. Bd4 Nd5 18. Re1 Rac8 19. Bxg7 f6 20. Bf1 Kf7 21.
Bh6 Kg6 22. Bf4 e5 23. Bg3 Nc3 24. Nc1 Be7 25. Nc4 Nxc4 26. Bxc4 Rd2 27. a5 h5
28. Kf1 Rxc4 29. bxc4 Be4 30. Kg1 Bc2 31. f4 exf4 32. Bxf4 b3 33. Nxb3 Bxb3 34.
Kh1 Bxc4 35. e4 Rd4 36. Be3 Rxe4 37. Rac1 Nd5 38. Bb6 Be2 39. Bc5 Bd8 40. Rc2
Nf4 41. Bb6 Be7 42. Rec1 Bb4 43. Rc8 Kf5 44. h3 Bb5 45. Bc7 Nd3 46. Rf1+ Ke6
47. Rh8 Re2 48. Rxh5 Rc2 49. Rxb5 axb5 50. Bb6 Ra2 51. Rb1 Bd6 52. h4 b4 53. h5
b3 54. h6 b2 55. Bd4 Rxa5 56. g4 Be5 0-1

[Event "16PCR_ZK08"]
[Site "?"]
[Date "2005.??.??"]
[Round "?"]
[White "Struzka, Vlastimil"]
[Black "Masek, Frantisek"]
[Result "1-0"]
[WhiteElo "2216"]
[BlackElo "1780"]
[PlyCount "53"]
[EventDate "2005.??.??"]
[SourceDate "2005.02.23"]

1. d4 Nf6 2. c4 e6 3. Nf3 b6 4. Nc3 Bb7 5. e3 Bb4 6. Bd2 c5 7. Bd3 cxd4 8. exd4
d5 9. Qa4+ Nc6 10. cxd5 Nxd5 11. Bb5 Qd6 12. Ne4 Bxd2+ 13. Nfxd2 Qc7 14. Qa3
O-O-O 15. Bxc6 Bxc6 16. Rc1 Nf4 17. g3 Nd5 18. b4 Rdf8 19. b5 Ne7 20. bxc6 Nxc6
21. Nf3 Kb8 22. Ne5 Rc8 23. O-O Kb7 24. Nxc6 Ka8 25. Nd6 Qd7 26. Nxc8 Rxc8 27.
Nxa7 1-0

[Event "16PCR_ZK08"]
[Site "?"]
[Date "2005.??.??"]
[Round "?"]
[White "Struzka, Vlastimil"]
[Black "Novak, Vaclav"]
[Result "1-0"]
[WhiteElo "2216"]
[BlackElo "1976"]
[PlyCount "29"]
[EventDate "2005.??.??"]
[SourceDate "2005.02.23"]

1. d4 g6 2. e4 Bg7 3. Nc3 d6 4. Nf3 c6 5. h3 f5 6. Bd3 e6 7. exf5 exf5 8. O-O
Ne7 9. Re1 O-O 10. Bg5 Bf6 11. Qd2 Nd7 12. Re6 d5 13. Rae1 Rf7 14. Qe2 Kf8 15.
Bh6+ 1-0

[Event "16PCR_ZK08"]
[Site "?"]
[Date "2005.??.??"]
[Round "?"]
[White "Struzka, Vlastimil"]
[Black "Sindelar, Frantisek"]
[Result "1/2-1/2"]
[WhiteElo "2216"]
[BlackElo "1925"]
[PlyCount "100"]
[EventDate "2005.??.??"]
[SourceDate "2005.02.23"]

1. d4 Nf6 2. Nf3 d5 3. c4 c6 4. e3 Bg4 5. cxd5 Bxf3 6. Qxf3 cxd5 7. Bd3 Nc6 8.
Nc3 e6 9. O-O Rc8 10. Bd2 Be7 11. a3 O-O 12. b4 a6 13. Qh3 b5 14. Ne2 Qd7 15.
f3 h6 16. Nc1 Qd8 17. Nb3 Nd7 18. Nc5 Nxc5 19. bxc5 e5 20. Bf5 Rc7 21. Bc3 Bf6
22. Rad1 exd4 23. exd4 Re8 24. Bb1 Re3 25. Bb2 Re2 26. Ba1 Qd7 27. Qxd7 Rxd7
28. Rf2 Re8 29. g3 Na5 30. Bc3 Nc4 31. Bd3 Re3 32. f4 Rde7 33. Ra2 Kf8 34. a4
g5 35. axb5 axb5 36. Ra8+ Re8 37. Rxe8+ Kxe8 38. fxg5 hxg5 39. Kf2 g4 40. Re1
Rxe1 41. Kxe1 b4 42. Bxb4 Bxd4 43. Be2 Ne5 44. Bb5+ Kd8 45. Ba5+ Kc8 46. c6
Nf3+ 47. Ke2 Be5 48. Ba4 Nxh2 49. Bb3 Bxg3 50. Bxd5 f6 1/2-1/2

[Event "16PCR_ZK08"]
[Site "?"]
[Date "2005.??.??"]
[Round "?"]
[White "Brichacek, Milan"]
[Black "Masek, Frantisek"]
[Result "1-0"]
[WhiteElo "2134"]
[BlackElo "1780"]
[PlyCount "75"]
[EventDate "2005.??.??"]
[SourceDate "2005.02.23"]

1. e4 d5 2. exd5 Nf6 3. Nf3 Nxd5 4. d4 g6 5. c4 Nb6 6. c5 Nd5 7. Nc3 Bg7 8. Bc4
Nxc3 9. bxc3 O-O 10. O-O c6 11. Re1 Qc7 12. Ne5 b5 13. cxb6 axb6 14. Bf4 Qd6
15. Qd2 Qd8 16. Nxf7 Rxf7 17. Bxf7+ Kxf7 18. Bxb8 Rxb8 19. Qf4+ Bf5 20. g4 e6
21. gxf5 exf5 22. Qe3 Qd6 23. a4 Ra8 24. Rab1 Qc7 25. d5 cxd5 26. Rxb6 Bxc3 27.
Reb1 Qe5 28. Rb7+ Kg8 29. Qh6 Qe8 30. h4 Bf6 31. Qxh7+ Kf8 32. Kf1 Bc3 33. h5
gxh5 34. Qxf5+ Kg8 35. Qxd5+ Kh8 36. Qf5 Kg8 37. R1b5 Bg7 38. Rxg7+ 1-0

[Event "16PCR_ZK08"]
[Site "?"]
[Date "2005.??.??"]
[Round "?"]
[White "Sindelar, Frantisek"]
[Black "Masek, Frantisek"]
[Result "1-0"]
[WhiteElo "1925"]
[BlackElo "1780"]
[PlyCount "73"]
[EventDate "2005.??.??"]
[SourceDate "2005.02.23"]

1. e4 e6 2. d4 d5 3. Nd2 c5 4. Ngf3 cxd4 5. Nxd4 Qb6 6. N2b3 dxe4 7. Be3 Bd7 8.
Nb5 Qc6 9. Bxa7 Nf6 10. Qd2 Be7 11. Na5 e3 12. Bxe3 Qc8 13. Nc4 Ne4 14. Qd4 Ra6
15. Na7 Rxa7 16. Qxg7 Bf6 17. Nd6+ Nxd6 18. Qxf6 Rg8 19. Bxa7 Nc6 20. Rd1 Qc7
21. Qf4 Qa5+ 22. Qd2 Nb4 23. c3 Nd5 24. Bb8 Qb6 25. Bxd6 Qxd6 26. g3 Qc7 27.
Bg2 Qe5+ 28. Kf1 Bb5+ 29. Kg1 Qh5 30. Qd4 f6 31. Re1 Nc7 32. Bxb7 Qf7 33. c4
Ba6 34. Bxa6 Nxa6 35. Qd6 Nc7 36. Rd1 Nd5 37. cxd5 1-0

[Event "16PCR_ZK08"]
[Site "?"]
[Date "2005.??.??"]
[Round "?"]
[White "Majstr, Tomas"]
[Black "Masek, Frantisek"]
[Result "1-0"]
[WhiteElo "1800"]
[BlackElo "1780"]
[PlyCount "47"]
[EventDate "2005.??.??"]
[SourceDate "2005.02.23"]

1. e4 e6 2. d4 d5 3. Nc3 Bb4 4. e5 c5 5. a3 Bxc3+ 6. bxc3 Ne7 7. Bd3 c4 8. Be2
O-O 9. Nf3 Qa5 10. O-O Nbc6 11. Qe1 b6 12. a4 Bb7 13. Ba3 Rfd8 14. Nh4 Qa6 15.
f4 Re8 16. Qg3 Rad8 17. Bh5 g6 18. a5 Nxa5 19. Bxe7 Rxe7 20. f5 exf5 21. Nxf5
Re6 22. Nh6+ Kg7 23. Rxf7+ Kh8 24. Raf1 1-0

[Event "16PCR_ZK08"]
[Site "?"]
[Date "2005.??.??"]
[Round "?"]
[White "Masek, Frantisek"]
[Black "Majstr, Tomas"]
[Result "1/2-1/2"]
[WhiteElo "1780"]
[BlackElo "1800"]
[PlyCount "51"]
[EventDate "2005.??.??"]
[SourceDate "2005.02.23"]

1. e4 e5 2. Nf3 Nf6 3. d4 Nxe4 4. Bd3 d5 5. Nxe5 Bd6 6. O-O Nf6 7. Bg5 h6 8.
Re1 O-O 9. Bh4 c5 10. dxc5 Bxc5 11. Nc3 Nc6 12. Nxc6 bxc6 13. Na4 Bg4 14. Qd2
Bd6 15. f3 Bd7 16. Rad1 Qc7 17. g3 Be5 18. c3 Rfe8 19. b3 a5 20. f4 Qa7+ 21.
Kg2 Bd6 22. Bxf6 gxf6 23. Nb2 h5 24. Rxe8+ Rxe8 25. f5 Ba3 26. Na4 1/2-1/2

[Event "16PCR_ZK08"]
[Site "?"]
[Date "2005.??.??"]
[Round "?"]
[White "Sindelar, Frantisek"]
[Black "Majstr, Tomas"]
[Result "1/2-1/2"]
[WhiteElo "1925"]
[BlackElo "1800"]
[PlyCount "73"]
[EventDate "2005.??.??"]
[SourceDate "2005.02.23"]

1. e4 e5 2. Nf3 Nc6 3. Bb5 a6 4. Ba4 Nf6 5. d3 b5 6. Bb3 Bc5 7. Nc3 d6 8. a4
Bg4 9. axb5 axb5 10. Be3 Nd4 11. Bxd4 exd4 12. Nxb5 Rxa1 13. Qxa1 Bxf3 14. gxf3
c6 15. Na3 O-O 16. Nc4 d5 17. Nd2 dxe4 18. fxe4 Qc7 19. h3 Nd7 20. Nf3 Qf4 21.
Ke2 Re8 22. Qd1 Bb4 23. Rg1 Nc5 24. Bc4 Qf6 25. Kf1 Nd7 26. Rg5 g6 27. Kg2 h6
28. Rg4 Bd6 29. Qd2 h5 30. Rh4 Rb8 31. c3 c5 32. Ba2 Kg7 33. cxd4 cxd4 34. Bc4
Rb7 35. Bd5 Rc7 36. b3 Rc3 37. b4 1/2-1/2

[Event "16PCR_ZK08"]
[Site "?"]
[Date "2005.??.??"]
[Round "?"]
[White "Majstr, Tomas"]
[Black "Novak, Vaclav"]
[Result "1/2-1/2"]
[WhiteElo "1800"]
[BlackElo "1976"]
[PlyCount "45"]
[EventDate "2005.??.??"]
[SourceDate "2005.02.23"]

1. e4 e5 2. Nf3 Nc6 3. Bb5 a6 4. Ba4 d6 5. O-O Bd7 6. d4 Nxd4 7. Bxd7+ Qxd7 8.
Nxd4 exd4 9. Qxd4 Ne7 10. Nc3 Nc6 11. Qd3 O-O-O 12. Nd5 h5 13. Re1 f6 14. b3 h4
15. h3 Qf7 16. Bb2 Rh5 17. Rad1 Be7 18. c4 Ne5 19. Qe2 Rdh8 20. Nf4 R5h6 21.
Qe3 Kb8 22. Nd5 Bd8 23. Qd2 1/2-1/2